Números Primos - un minuto de sprint - Estadísticas

Estadísticas generales
  • Esta prueba ha sido intentada 196 veces
  • La puntuación promedio es 16 de 56
Estadísticas de respuestas
# % Correcto
2
100%
3
97%
5
94%
7
93%
11
92%
13
92%
17
92%
19
88%
23
86%
29
82%
31
77%
37
74%
41
67%
43
62%
47
58%
53
50%
59
39%
61
36%
67
33%
71
30%
73
29%
79
25%
83
23%
89
20%
97
14%
101
13%
103
12%
107
11%
109
9%
113
8%
127
4%
131
3%
137
2%
139
1%
149
1%
151
1%
157
1%
163
1%
167
1%
173
0%
179
0%
181
0%
191
0%
193
0%
197
0%
199
0%
211
0%
223
0%
227
0%
229
0%
233
0%
239
0%
241
0%
251
0%
257
0%
263
0%
No se encontraron pruebas coincidentes
Distribución de puntuación
Porcentaje de gente con cada puntuación
Porcentaje por número respondido
Historial de tus puntuaciones
No has intentado esta prueba.